将棋歴代棋聖クイズ - Statistics

General Stats
  • This quiz has been taken 19 times
  • The average score is 61 of 96
Answer Stats
年度 棋聖 % Correct
96 2025 藤井聡太
100%
95 2024 藤井聡太
100%
94 2023 藤井聡太
100%
93 2022 藤井聡太
100%
92 2021 藤井聡太
100%
91 2020 藤井聡太
100%
88 2017 羽生善治
94%
87 2016 羽生善治
94%
86 2015 羽生善治
94%
85 2014 羽生善治
94%
84 2013 羽生善治
94%
83 2012 羽生善治
94%
82 2011 羽生善治
94%
81 2010 羽生善治
94%
80 2009 羽生善治
94%
79 2008 羽生善治
94%
71 2000 羽生善治
94%
66 1995 羽生善治
94%
65 1994後 羽生善治
94%
64 1994前 羽生善治
94%
63 1993後 羽生善治
94%
62 1993前 羽生善治
94%
90 2019 渡辺明
71%
70 1999 谷川浩司
71%
61 1992後 谷川浩司
71%
60 1992前 谷川浩司
71%
59 1991後 谷川浩司
71%
55 1989後 中原誠
71%
54 1989前 中原誠
71%
53 1988後 中原誠
71%
41 1982後 中原誠
71%
35 1979後 中原誠
71%
34 1979前 中原誠
71%
33 1978後 中原誠
71%
32 1978前 中原誠
71%
31 1977後 中原誠
71%
30 1977前 大山康晴
71%
29 1976後 大山康晴
71%
28 1976前 大山康晴
71%
27 1975後 大山康晴
71%
26 1975前 大山康晴
71%
25 1974後 大山康晴
71%
24 1974前 大山康晴
71%
20 1972前 中原誠
71%
19 1971後 中原誠
71%
18 1971前 中原誠
71%
17 1970後 中原誠
71%
16 1970前 大山康晴
71%
14 1969前 中原誠
71%
13 1968後 中原誠
71%
12 1968前 中原誠
71%
9 1966後 大山康晴
71%
7 1965後 大山康晴
71%
6 1965前 大山康晴
71%
5 1964後 大山康晴
71%
4 1964前 大山康晴
71%
3 1963後 大山康晴
71%
2 1963前 大山康晴
71%
1 1962後 大山康晴
71%
78 2007 佐藤康光
65%
77 2006 佐藤康光
65%
76 2005 佐藤康光
65%
75 2004 佐藤康光
65%
74 2003 佐藤康光
65%
73 2002 佐藤康光
65%
47 1985後 米長邦雄
59%
46 1985前 米長邦雄
59%
45 1984後 米長邦雄
59%
44 1984前 米長邦雄
59%
43 1983後 米長邦雄
59%
36 1980前 米長邦雄
59%
22 1973前 米長邦雄
59%
89 2018 豊島将之
47%
68 1997 屋敷伸之
41%
57 1990後 屋敷伸之
41%
56 1990前 屋敷伸之
41%
72 2001 郷田真隆
29%
69 1998 郷田真隆
29%
67 1996 三浦弘行
29%
39 1981後 二上達也
29%
38 1981前 二上達也
29%
37 1980後 二上達也
29%
8 1966前 二上達也
29%
58 1991前 南芳一
24%
51 1987後 南芳一
24%
23 1973後 内藤國雄
24%
15 1969後 内藤國雄
24%
52 1988前 田中寅彦
18%
50 1987前 桐山清澄
18%
49 1986後 桐山清澄
18%
48 1986前 桐山清澄
18%
40 1982前 森雞二
12%
11 1967後 山田道美
12%
10 1967前 山田道美
12%
21 1972後 有吉道夫
6%
42 1983前 森安秀光
0%
No matching quizzes found
Score Distribution
Percent of People with Each Score
Percentile by Number Answered
Your Score History
You have not taken this quiz